banner koha

Fornecimento de água aquecida no desempenho de bovinos da raça Gir (Registro n. 215398)

MARC details
000 -LÍDER
campo de controle de tamanho fixo 01000nas a2200349 4500
001 - NÚMERO DE CONTROLE
campo de controle BR2011006716
003 - IDENTIFICADOR DO NÚMERO DE CONTROLE
campo de controle BR-BrBNA
005 - DATA E HORÁRIO DA ÚLTIMA TRANSAÇÃO
campo de controle 20231205115726.0
007 - CAMPO FIXO DE DESCRIÇÃO FÍSICA--INFORMAÇÃO GERAL
campo de controle de tamanho fixo ta
008 - CAMPO DE DADOS FIXOS--INFORMAÇÃO GERAL
campo de controle de tamanho fixo 230509b bl.|||p| |||| 00| 00por d
040 ## - FONTE DA CATALOGAÇÃO
Instituição da catalogação original BR-BrBNA
Idioma da catalogação por
Instituição que transcreveu o registro Biblioteca Nacional de Agricultura
041 ## - CÓDIGO DE IDIOMA
Código do idioma do texto/trilha sonora ou título diferente (Pt)
072 ## - CÓDIGO DE CATEGORIA DE ASSUNTO
Código de Categoria de Assunto L52
100 1# - ENTRADA PRINCIPAL--NOME PESSOAL
Nome pessoal Fernandes, L.O.
100 1# - ENTRADA PRINCIPAL--NOME PESSOAL
Nome pessoal Oliveira, D.R.
100 1# - ENTRADA PRINCIPAL--NOME PESSOAL
Nome pessoal Paes, J.M.V.
100 1# - ENTRADA PRINCIPAL--NOME PESSOAL
Nome pessoal Mendes, F.C.
100 1# - ENTRADA PRINCIPAL--NOME PESSOAL
Nome pessoal Landim, V.J.
100 1# - ENTRADA PRINCIPAL--NOME PESSOAL
Nome pessoal Ferreira, M.B.D.
100 1# - ENTRADA PRINCIPAL--NOME PESSOAL
Nome pessoal Couto, G.S.
100 1# - ENTRADA PRINCIPAL--NOME PESSOAL
Nome pessoal Fidalgo, E.L.
245 1# - TÍTULO
Título Fornecimento de água aquecida no desempenho de bovinos da raça Gir
246 1# - FORMA VARIANTE DO TÍTULO
Título/título abreviado Warm water supply in the performance of Gir cattle breed
650 ## - ASSUNTO--TERMO TÓPICO
Cabeçalho tópico ou nome geográfico BOVINO
650 ## - ASSUNTO--TERMO TÓPICO
Cabeçalho tópico ou nome geográfico GADO GIR
650 ## - ASSUNTO--TERMO TÓPICO
Cabeçalho tópico ou nome geográfico ÁGUA
650 ## - ASSUNTO--TERMO TÓPICO
Cabeçalho tópico ou nome geográfico PERFORMANCE
650 ## - ASSUNTO--TERMO TÓPICO
Cabeçalho tópico ou nome geográfico CONFINAMENTO
773 0# - ENTRADA ANALÍTICA
Título Fazu em Revista (Brazil)
ISSN - International Standard Serial Number ISSN 1806-1699
Partes relacionadas (2007), v. 4 p. 58-62
Número de controle do registro BR2011006716
909 ## -
-- 202311
-- Lúcia
-- 55
-- Lúcia Elande
942 ## - ELEMENTOS DE ENTRADA ADICIONADOS (KOHA)
Fonte da classificação ou esquema de arquivamento na estante Classificação AGRIS
Ocultar no OPAC Não
Tipo de material Koha Analítica
Exemplares
Situação do descarte Fonte da classificação ou esquema de arquivamento na estante Situação física Não pode ser emprestado Biblioteca de origem Biblioteca atual Localização na estante Enumeração do periódico / cronologia Total de empréstimos Data de último acesso Número do exemplar Tipo de material Koha Fonte de aquisição
  Classificação AGRIS   Consulta local Biblioteca Nacional de Agricultura - Binagri Biblioteca Nacional de Agricultura - Binagri   (2007), v. 4 p. 58-62   29/11/2023 01 Periódicos Portaria Interministerial nº 164/94

BINAGRI

Telefone: (61)3218-2567/2388/3357/2097 - binagri@agro.gov.br

Ministério da Agricultura e Pecuária , Esplanada dos Ministérios, Bloco D, Anexo B, Brasília/DF, CEP: 70.043-900